Wpisuj z Jeppy - Język Angielski - Statystyki

Ogólne statystyki
  • Ten quiz został rozwiązany 51 razy
  • Średni wynik to 29 z 100
Odpowiedzi na mapie
Odpowiedzi zakodowano w zielono-czerwonej skali na mapie do tego quizu, zgodnie z poniższymi procentami.
 
Statystyki odpowiedzi
Odpowiedź % Poprawnych
Gate
93%
Have
90%
Pull
88%
Cats
86%
Bingo
81%
Hunts
67%
Think
62%
Where
57%
Azure
52%
Buzz
52%
Forward
52%
Howdy
52%
Now
52%
Gabba
48%
Shoop
48%
Clash
45%
Bulky
43%
Happy
43%
Blasting
40%
Epoch
40%
Flies
40%
When
40%
49
38%
Words
38%
Blimp
36%
Bramble
36%
Kingdom
33%
Short
33%
Shuffle
33%
Skip
33%
65
31%
Embed
31%
Ender
31%
Epoxy
31%
Getting
31%
Hope
31%
Husky
31%
Pompous
31%
Scat
31%
Thusly
31%
Yeast
31%
554
29%
77
29%
Big BadWolf
29%
Siege
29%
Such
29%
Tough
29%
Forty
26%
Pithy
26%
Posit
26%
The systemis down
26%
89
24%
Clump
24%
Flight
24%
Glyph
24%
Grimy
24%
Swing
24%
Texting
24%
Whizz
24%
189
21%
277
21%
Dwelt
21%
Guise
21%
Haute
21%
However
21%
Rodeo
21%
Mocha
19%
Namaste
19%
Skedaddle
19%
Under-statement
19%
233
17%
Bumblebee
17%
Difficult
17%
Ergot
17%
Singe
17%
Straw
17%
WutheringHeights
17%
Ashen
14%
Debar
14%
Ennui
14%
Ezekiel
14%
FlagrantPilgrims
14%
Foxtrot
14%
Scud
14%
Usurp
14%
We prepareourselves for this
14%
Wherefore
14%
Corpus
12%
Dictate
12%
Jettison
12%
Zap
10%
Slip foreverinto that smooth jazz
7%
Underneath
7%
Intrepidwaffle slingers
5%
The quick red fox jumpsover the lazy brown dog with quick sexy jumping zebras
5%
Authoritarian
2%
Plethora
2%
Theseblasted numbers
2%
and five gooey boxing wizardsbut upon seeing all this I realize I packed my box with five dozen liquor jugs
0%
The carbuncleate itself
0%
Nie znaleziono quizów pasujących do podanych kryteriów
Rozkład punktacji
Procent ludzi z każdym wynikiem
Percentyl według liczby udzielonych odpowiedzi
Twoja historia wyników
Nie rozwiązałeś tego quizu